[Event "TCh-RUS Women 2020"]
[Site "Sochi RUS"]
[Date "2020.11.26"]
[Round "7.2"]
[Board "4"]
[White "Mukhina, Jana"]
[Black "Kovanova, Baira"]
[Result "0-1"]
[WhiteTitle "WFM"]
[BlackTitle "WGM"]
[WhiteElo "2012"]
[BlackElo "2323"]
[WhiteTeam "Amazonki QDDA (Kurskaya oblast)"]
[BlackTeam "Yugra (KhMAO-Yugra)"]
[WhiteFideId "34115428"]
[BlackFideId "4164083"]
[EventDate "2020.11.19"]

1. e4 e5 2. Nf3 Nc6 3. d4 exd4 4. Bc4 Nf6 5. e5 d5 6. Bb5 Ne4 7. Nxd4 Bd7 8.
Bxc6 bxc6 9. O-O Bc5 10. Be3 Bb6 11. c3 O-O 12. f3 Ng5 13. Nd2 c5 14. Nc2 Bf5
15. Bf2 Ne6 16. Nb3 c4 17. Nbd4 Bd3 18. Nxe6 fxe6 19. Bxb6 axb6 20. Rf2 c5 21.
Ne1 Bg6 22. a4 d4 23. Rd2 Qd5 24. Nc2 Bxc2 25. Qxc2 d3 26. Qd1 Qxe5 27. Qe1 Qd5
28. Qe3 b5 29. Re1 bxa4 30. Qxe6+ Qxe6 31. Rxe6 a3 32. bxa3 Rxa3 33. Rc6 Rxc3
34. Rxc5 Ra8 35. Kf2 Ra1 36. Ke3 Rc2 37. Rc8+ Kf7 38. Rc7+ Kf6 39. f4 Re1+ 40.
Kf2 Rd1 41. Rc6+ Ke7 0-1

[Event "TCh-RUS Women 2020"]
[Site "Sochi RUS"]
[Date "2020.11.26"]
[Round "7.3"]
[Board "1"]
[White "Vasilevich, Tatjana"]
[Black "Bodnaruk, Anastasia"]
[Result "1/2-1/2"]
[WhiteTitle "IM"]
[BlackTitle "IM"]
[WhiteElo "2353"]
[BlackElo "2414"]
[WhiteTeam "Kimmeriya (Respublika Krym)"]
[BlackTeam "SShOR ShSh-1 (g.Sankt-Peterburg)"]
[WhiteFideId "14101610"]
[BlackFideId "4181751"]
[EventDate "2020.11.19"]

1. e4 c5 2. Nf3 d6 3. d4 cxd4 4. Nxd4 Nf6 5. f3 e5 6. Nb3 a5 7. Bg5 Be7 8. Nc3
O-O 9. Bb5 Be6 10. Qd2 Nc6 11. Rd1 Qb6 12. Be3 Qc7 13. O-O b6 14. Qf2 Rab8 15.
Rd2 Na7 16. Rfd1 Rfd8 17. Bf1 Nd7 18. f4 Nf6 19. h3 a4 20. fxe5 dxe5 21. Rxd8+
Bxd8 22. Nxa4 Nxe4 23. Qf3 f5 24. g4 g6 25. gxf5 Bxf5 26. Bd3 Qc6 27. Nc3 Nxc3
28. Qxc6 Nxc6 29. bxc3 Bxh3 30. Nd2 Bf5 31. Bb5 Na5 32. Nf3 Bc7 33. Bh6 Bg4 34.
Rf1 Rd8 35. Ng5 Bf5 36. Bd3 Rd6 37. Ne4 Rd8 38. Ng5 Rd6 39. Ne4 Rd8 40. Ng5 Rd6 1/2-1/2

[Event "TCh-RUS Women 2020"]
[Site "Sochi RUS"]
[Date "2020.11.26"]
[Round "7.3"]
[Board "2"]
[White "Ovod, Evgenija"]
[Black "Gritsayeva, Oksana"]
[Result "0-1"]
[WhiteTitle "IM"]
[BlackTitle "WFM"]
[WhiteElo "2338"]
[BlackElo "2351"]
[WhiteTeam "SShOR ShSh-1 (g.Sankt-Peterburg)"]
[BlackTeam "Kimmeriya (Respublika Krym)"]
[WhiteFideId "4131827"]
[BlackFideId "14104652"]
[EventDate "2020.11.19"]

1. e4 c6 2. d4 d5 3. e5 Bf5 4. h4 h6 5. g4 Bd7 6. h5 c5 7. dxc5 Nc6 8. f4 Qa5+
9. Nd2 f6 10. c3 fxe5 11. Nb3 Qa4 12. Qxd5 exf4 13. Bc4 O-O-O 14. Bxf4 Nf6 15.
Qf7 e5 16. Bg3 Re8 17. Nd2 Qc2 18. Ne2 Bxc5 19. Bb3 Qd3 20. Bc4 Qh7 21. g5 hxg5
22. Nf3 Re7 23. Nxg5 Qf5 24. h6 Qxg5 25. Rh5 Qxh5 26. hxg7 Rxf7 27. Bxf7 Qh1+
28. Kd2 Qh6+ 0-1

[Event "TCh-RUS Women 2020"]
[Site "Sochi RUS"]
[Date "2020.11.26"]
[Round "7.3"]
[Board "3"]
[White "Tomilova, Elena"]
[Black "Belenkaya, Dina"]
[Result "1/2-1/2"]
[WhiteTitle "WGM"]
[BlackTitle "WGM"]
[WhiteElo "2358"]
[BlackElo "2283"]
[WhiteTeam "Kimmeriya (Respublika Krym)"]
[BlackTeam "SShOR ShSh-1 (g.Sankt-Peterburg)"]
[WhiteFideId "4162340"]
[BlackFideId "24142654"]
[EventDate "2020.11.19"]

1. d4 d5 2. c4 dxc4 3. Nf3 Nf6 4. e3 Bg4 5. Bxc4 e6 6. h3 Bh5 7. O-O Nbd7 8. b3
Bd6 9. Bb2 Ne4 10. Be2 O-O 11. Nbd2 Nxd2 12. Nxd2 Bxe2 13. Qxe2 Qh4 14. Rac1 c6
15. e4 Rfd8 16. e5 Bc7 17. Ne4 Nf8 18. Rcd1 Ng6 19. Bc1 h6 20. Rd3 Rd5 21. f4
Rad8 22. Kh2 Qe7 23. Be3 Qa3 24. Nc5 Qb4 25. a3 Qb6 26. b4 Bb8 27. Rc1 a6 28. a4
Ba7 29. Rcd1 Qc7 30. Ne4 Qe7 31. Qe1 Kh8 32. g3 Bb8 33. Kg2 Kh7 34. h4 f6 35. h5
Nh8 36. exf6 gxf6 37. Qe2 Nf7 38. Bf2 Rg8 39. Nc5 Nd8 40. Re1 Qf7 41. Nxe6 Rxh5
42. Nc5 Bd6 43. Ne4 Rd5 44. Nc3 Rh5 45. Ne4 Be7 46. Re3 Qd5 47. Rf3 Kh8 48. Rh1
Rxh1 49. Kxh1 Qh5+ 50. Kg2 Ne6 51. Nc3 Qg4 52. d5 cxd5 53. Nxd5 Bd6 54. Be3 Qf5
55. Qd2 Rd8 56. Bd4 Nxd4 57. Qxd4 Bxb4 58. Qxf6+ Qxf6 59. Nxf6 Be7 60. Ng4 h5
61. Ne5 Kg7 62. Rb3 Rd2+ 63. Kf3 b5 64. axb5 axb5 65. Rxb5 Bf6 66. Rb7+ Kg8 67.
Nd7 Bg7 68. f5 Rd3+ 69. Kf4 Bh6+ 70. Ke5 Rxg3 71. Nf6+ Kf8 72. Nxh5 Rg1 73. f6
Bg5 74. Kf5 Bxf6 75. Kxf6 Rf1+ 76. Kg6 Rg1+ 77. Kh6 Rh1 78. Rb5 Ke7 79. Kg5 1/2-1/2

[Event "TCh-RUS Women 2020"]
[Site "Sochi RUS"]
[Date "2020.11.26"]
[Round "7.3"]
[Board "4"]
[White "Chernyak, Viktoria"]
[Black "Potapova, Margarita"]
[Result "1/2-1/2"]
[WhiteTitle "WGM"]
[BlackTitle "WIM"]
[WhiteElo "2325"]
[BlackElo "2266"]
[WhiteTeam "SShOR ShSh-1 (g.Sankt-Peterburg)"]
[BlackTeam "Kimmeriya (Respublika Krym)"]
[WhiteFideId "24165956"]
[BlackFideId "14126869"]
[EventDate "2020.11.19"]

1. c4 Nf6 2. Nf3 e6 3. g3 d5 4. Bg2 dxc4 5. Qa4+ Nbd7 6. Qxc4 a6 7. Qc2 c5 8.
O-O b5 9. a4 Bb7 10. Nc3 Qb6 11. b3 Rc8 12. Qa2 b4 13. a5 Qc7 14. Nd1 c4 15. Ne3
cxb3 16. Qxb3 Be7 17. d3 O-O 18. Bd2 Nd5 19. Nxd5 Bxd5 20. Qb1 Qb8 21. e4 Ba8
22. d4 b3 23. Re1 Nf6 24. Qd3 Qb5 25. Bf1 Qb7 26. Qxa6 Nxe4 27. Qxb7 Bxb7 28. a6
Bd5 29. Reb1 Rc2 30. Be1 Nf6 31. Bg2 Ra8 32. Nd2 b2 33. Ra4 Rc1 34. a7 g6 35.
Kf1 Rc7 36. Rxb2 Raxa7 37. Rxa7 Rxa7 38. Bxd5 Nxd5 39. Nf3 Kg7 40. Bd2 Bf6 41.
h4 h5 42. Ke2 Rd7 43. Ne5 Ra7 44. Nf3 Ne7 45. Bf4 Nc6 46. Be3 Rd7 47. Rc2 Ne7
48. Ra2 Nf5 49. Ra4 Rd5 50. Rb4 Ra5 51. Rb7 Ra2+ 52. Kd3 Ra3+ 53. Ke2 Ra2+ 54.
Kd3 Ra3+ 1/2-1/2

[Event "TCh-RUS Women 2020"]
[Site "Sochi RUS"]
[Date "2020.11.26"]
[Round "7.4"]
[Board "1"]
[White "Elnikova, Milena"]
[Black "Shafigullina, Zarina"]
[Result "0-1"]
[BlackTitle "WFM"]
[WhiteElo "1435"]
[BlackElo "2302"]
[WhiteTeam "NIU BelGU (Belgorodskaya oblast)"]
[BlackTeam "Ladya (Respublika Tatarstan)"]
[WhiteFideId "54151503"]
[BlackFideId "24174220"]
[EventDate "2020.11.19"]

1. d4 Nf6 2. Bf4 d5 3. Nf3 Bf5 4. e3 c6 5. Bd3 Be4 6. O-O h6 7. Bxe4 dxe4 8. Ne5
g5 9. Bg3 Nbd7 10. c4 h5 11. h3 h4 12. Bh2 Rg8 13. Nc3 Qc8 14. f3 Bh6 15. Ng4
Bg7 16. fxe4 Nxg4 17. Qxg4 Bh8 18. e5 Nb6 19. Qf3 Qe6 20. d5 Qg6 21. b3 Nd7 22.
Qf5 Qxf5 23. Rxf5 e6 24. Rf2 Nxe5 25. Raf1 g4 26. Bxe5 Bxe5 27. Ne4 cxd5 28.
cxd5 exd5 29. Nf6+ Bxf6 30. Rxf6 gxh3 31. Rxf7 hxg2 32. R1f2 Rc8 0-1

[Event "TCh-RUS Women 2020"]
[Site "Sochi RUS"]
[Date "2020.11.26"]
[Round "7.4"]
[Board "2"]
[White "Yakimova, Mariya"]
[Black "Gubernatorova, Lyudmila"]
[Result "1-0"]
[WhiteTitle "WFM"]
[WhiteElo "2244"]
[BlackElo "2200"]
[WhiteTeam "Ladya (Respublika Tatarstan)"]
[BlackTeam "NIU BelGU (Belgorodskaya oblast)"]
[WhiteFideId "34188859"]
[BlackFideId "4123840"]
[EventDate "2020.11.19"]

1. d4 Nf6 2. c4 c5 3. d5 e6 4. Nc3 exd5 5. cxd5 d6 6. Nf3 g6 7. e4 a6 8. a4 Bg4
9. Be2 Bxf3 10. Bxf3 Bg7 11. O-O O-O 12. Bf4 Ne8 13. Re1 Nd7 14. Bg3 Be5 15. Bg4
Bxg3 16. hxg3 Nef6 17. Bh3 Re8 18. f4 Nh5 19. Qf3 f6 20. Be6+ Kh8 21. Qg4 Nf8
22. f5 Re7 23. Qh4 Kg7 24. Qh2 Kh8 25. Qh4 Rc7 26. fxg6 Ng7 27. Bf5 Qe7 28. g4
Qe5 29. Re3 Nxf5 30. gxf5 Qd4 31. Kf2 Rg7 32. Rh1 Nd7 33. Ne2 Qxb2 34. Reh3 Nf8
35. Qf4 Re8 36. Qxd6 Kg8 37. Rg3 hxg6 38. Rgh3 gxf5 39. Rh8+ Kf7 40. Rxf8+ Rxf8
41. Qe6+ Kg6 42. Qxf5+ Kf7 43. Qe6+ Kg6 44. Kf3 Qb3+ 45. Kg4 Rgg8 46. Nf4+ Kg7
47. Kf5 Rf7 48. Rh3 Qb2 49. Nh5+ Kf8 50. Qc8+ Ke7 51. d6+ Kxd6 52. Rd3+ 1-0

[Event "TCh-RUS Women 2020"]
[Site "Sochi RUS"]
[Date "2020.11.26"]
[Round "7.4"]
[Board "3"]
[White "Dorokhina, Elizaveta"]
[Black "Nasyrova, Ekaterina"]
[Result "1-0"]
[BlackTitle "WFM"]
[WhiteElo "1824"]
[BlackElo "2261"]
[WhiteTeam "NIU BelGU (Belgorodskaya oblast)"]
[BlackTeam "Ladya (Respublika Tatarstan)"]
[WhiteFideId "44172966"]
[BlackFideId "44157797"]
[EventDate "2020.11.19"]

1. e4 e5 2. Bc4 Nc6 3. Nc3 Nf6 4. d3 h6 5. f4 Bc5 6. Nf3 d6 7. Na4 Bb6 8. Nxb6
axb6 9. Bb5 Qe7 10. O-O Bd7 11. Qe2 O-O-O 12. a4 exf4 13. Bxf4 d5 14. e5 d4 15.
Bxc6 Bxc6 16. Qf2 Ng4 17. Qg3 h5 18. a5 b5 19. a6 bxa6 20. Rxa6 Bb7 21. Ra5 Qc5
22. Rfa1 Ne3 23. Bxe3 dxe3 24. d4 Qc4 25. c3 Kb8 26. Qe1 Qd3 27. Rd1 Qe4 28.
Rxb5 g5 29. Qe2 g4 30. Nd2 Qc6 31. Nb3 Rd5 32. Nc5 Kc8 33. Rxb7 Rxc5 34. Rb4 Ra5
35. Qxe3 Qa6 36. Qf4 Qg6 37. Rf1 c5 38. dxc5 Rxc5 39. Qd4 Qc6 40. e6 Rd8 41.
Rb8+ 1-0

[Event "TCh-RUS Women 2020"]
[Site "Sochi RUS"]
[Date "2020.11.26"]
[Round "7.4"]
[Board "4"]
[White "Bulatova, Kamaliya"]
[Black "Tinina, Kristina"]
[Result "1-0"]
[WhiteTitle "WFM"]
[WhiteElo "2143"]
[BlackElo "1678"]
[WhiteTeam "Ladya (Respublika Tatarstan)"]
[BlackTeam "NIU BelGU (Belgorodskaya oblast)"]
[WhiteFideId "34111546"]
[BlackFideId "54113105"]
[EventDate "2020.11.19"]

1. d4 Nf6 2. Nf3 g6 3. g3 Bg7 4. Bg2 d5 5. O-O O-O 6. c4 c6 7. Nbd2 Nbd7 8. b3
b6 9. Ba3 Ba6 10. Rc1 Rc8 11. Re1 Re8 12. Bh3 Rc7 13. e4 dxe4 14. Nxe4 Nxe4 15.
Rxe4 Nf6 16. Re1 Bc8 17. Bg2 Bf5 18. Ne5 Qc8 19. Qf3 Qa6 20. b4 Nd7 21. Nxc6 e5
22. b5 Qa4 23. Bd6 Rcc8 24. g4 e4 25. Qf4 Bxg4 26. Qxg4 Rxc6 27. bxc6 Qxc6 28.
Ba3 f5 29. Qf4 Bxd4 30. Qd6 e3 1-0

[Event "TCh-RUS Women 2020"]
[Site "Sochi RUS"]
[Date "2020.11.26"]
[Round "7.5"]
[Board "1"]
[White "Goltseva, Ekaterina"]
[Black "Kochukova, Anna"]
[Result "1/2-1/2"]
[WhiteTitle "FM"]
[BlackTitle "WFM"]
[WhiteElo "2306"]
[BlackElo "2111"]
[WhiteTeam "FShNO (Nizhegorodskaya oblast)"]
[BlackTeam "Turbonasos (Voronezhskaya oblast)"]
[WhiteFideId "24173770"]
[BlackFideId "24173932"]
[EventDate "2020.11.19"]

1. d4 d5 2. c4 dxc4 3. Nf3 Nf6 4. e3 a6 5. Bxc4 e6 6. O-O c5 7. Bb3 Nc6 8. Nc3
cxd4 9. exd4 Na5 10. Bc2 Be7 11. Re1 O-O 12. Bg5 b5 13. Qd3 g6 14. Bh6 Re8 15.
Ne5 Bb7 16. Qh3 Bd5 17. Bg5 Nh5 18. Bxe7 Rxe7 19. Nxd5 exd5 20. Qf3 Rc8 21. Bf5
Rcc7 22. Bg4 Ng7 23. Qf6 Nc6 24. Rad1 Qe8 25. Bd7 Rcxd7 26. Qxc6 Nf5 27. Kf1 Rd6
28. Qc5 Rde6 29. Qxd5 Nxd4 30. Qxd4 Rxe5 31. Rxe5 Rxe5 32. h3 Qe6 33. Kg1 Re1+
34. Rxe1 Qxe1+ 35. Kh2 Qe6 36. a3 h5 37. h4 Kf8 38. g3 Ke7 39. Kg2 Qc6+ 40. Kg1
Qc1+ 1/2-1/2

[Event "TCh-RUS Women 2020"]
[Site "Sochi RUS"]
[Date "2020.11.26"]
[Round "7.5"]
[Board "2"]
[White "Zhurova, Anna"]
[Black "Vifleemskaia, Svetlana"]
[Result "1/2-1/2"]
[BlackTitle "WFM"]
[WhiteElo "2078"]
[BlackElo "1911"]
[WhiteTeam "Turbonasos (Voronezhskaya oblast)"]
[BlackTeam "FShNO (Nizhegorodskaya oblast)"]
[WhiteFideId "54113075"]
[BlackFideId "4129490"]
[EventDate "2020.11.19"]

1. e4 e5 2. Nf3 Nc6 3. Bb5 a6 4. Ba4 Nf6 5. d3 d6 6. c3 g6 7. O-O Bg7 8. d4 O-O
9. dxe5 Nxe5 10. Nxe5 dxe5 11. f3 Qxd1 12. Rxd1 Be6 13. Be3 Rfd8 14. Nd2 Rd3 15.
Bc2 Rdd8 16. Bb3 Bxb3 17. Nxb3 b6 18. a4 a5 19. Bg5 h6 20. Bxf6 Bxf6 21. Nd2 Be7
22. Nc4 f6 23. Kf1 Bc5 24. Ke2 Kf7 25. b3 Ke6 26. Nb2 Be7 27. Rxd8 Rxd8 28. Rd1
Rb8 29. Nc4 h5 30. Ne3 Bd6 31. Kd3 f5 32. Kc4 f4 33. Nf1 c6 34. Kd3 b5 35. axb5
cxb5 36. Kc2 g5 37. Rd5 g4 38. Nd2 Bc7 39. Nb1 b4 40. Nd2 gxf3 41. gxf3 bxc3 42.
Nc4 Rg8 43. Rc5 Rg2+ 44. Kxc3 Kd7 45. Nxe5+ Bxe5+ 46. Rxe5 Rf2 47. Rxh5 Rxf3+
48. Kd2 Rxb3 49. Rxa5 Rb2+ 50. Ke1 Rxh2 51. Rf5 Ke6 52. Rxf4 1/2-1/2

[Event "TCh-RUS Women 2020"]
[Site "Sochi RUS"]
[Date "2020.11.26"]
[Round "7.5"]
[Board "3"]
[White "Zavivaeva, Emilia"]
[Black "Shestakova, Ekaterina"]
[Result "0-1"]
[WhiteTitle "WCM"]
[WhiteElo "1790"]
[BlackElo "1966"]
[WhiteTeam "FShNO (Nizhegorodskaya oblast)"]
[BlackTeam "Turbonasos (Voronezhskaya oblast)"]
[WhiteFideId "34127531"]
[BlackFideId "34166383"]
[EventDate "2020.11.19"]

1. e4 c5 2. Nf3 Nc6 3. d4 cxd4 4. Nxd4 e5 5. Nb5 d6 6. N1c3 a6 7. Na3 Be6 8. Nc4
b5 9. Ne3 Nf6 10. Ncd5 Be7 11. g3 O-O 12. Bg2 Na5 13. a4 bxa4 14. Rxa4 Nb7 15.
b4 Nxd5 16. Nxd5 Bd7 17. Ra3 Bb5 18. Rc3 Bg5 19. Rc7 Bxc1 20. Qxc1 Rb8 21. Bh3
Kh8 22. c4 Be8 23. Qe3 Nc5 24. O-O Ne6 25. Ra7 Bd7 26. Rxa6 Bc8 27. Ra7 Bb7 28.
f4 Nd4 29. b5 Bxd5 30. exd5 f6 31. Kg2 Qb6 32. Rd7 Qc5 33. fxe5 dxe5 34. Qd3 Ra8
35. Rf2 Ra3 36. Qe4 Qxc4 37. Qxe5 Qc5 38. Qe4 Raa8 39. Qg4 Rg8 40. Qh4 Rgf8 41.
Qg4 Rg8 42. Qh5 Ra1 43. Bg4 Nc2 44. Be6 Ne1+ 45. Kh3 Qxf2 46. Qf7 Qg2+ 47. Kg4
Ra4+ 0-1

[Event "TCh-RUS Women 2020"]
[Site "Sochi RUS"]
[Date "2020.11.26"]
[Round "7.6"]
[Board "1"]
[White "Afonasieva, Anna"]
[Black "Grigorieva, Yulia"]
[Result "1-0"]
[WhiteTitle "WIM"]
[BlackTitle "WFM"]
[WhiteElo "2316"]
[BlackElo "2343"]
[WhiteTeam "Achimgaz QNAO (QNAO)"]
[BlackTeam "SK Tolpar (Respublika Bashkortostan)"]
[WhiteFideId "24173606"]
[BlackFideId "34104868"]
[EventDate "2020.11.19"]

1. d4 Nf6 2. Nf3 g6 3. g3 Bg7 4. Bg2 O-O 5. O-O d6 6. c4 Nc6 7. Nc3 Rb8 8. h3
Bf5 9. g4 Bd7 10. e4 e5 11. Be3 exd4 12. Nxd4 Re8 13. Qd2 Nxd4 14. Bxd4 c5 15.
Be3 Bc6 16. f3 Nd7 17. Rad1 Nf8 18. Qxd6 Qb6 19. Qxc5 Qxb2 20. Nd5 Ne6 21. Qb4
Qxa2 22. Rd2 Qa6 23. f4 b5 24. f5 bxc4 25. fxe6 fxe6 26. Ne7+ Kh8 27. Qc5 Bb5
28. Rdf2 Qb6 29. Qg5 Qd6 30. Rf7 Rf8 31. Bc5 Qg3 32. Nxg6+ hxg6 33. Bxf8 Rxf8
34. Rxf8+ 1-0

[Event "TCh-RUS Women 2020"]
[Site "Sochi RUS"]
[Date "2020.11.26"]
[Round "7.6"]
[Board "2"]
[White "Baiburina, Kamilla"]
[Black "Semenova, Elena1"]
[Result "0-1"]
[BlackTitle "WIM"]
[WhiteElo "1805"]
[BlackElo "2299"]
[WhiteTeam "SK Tolpar (Respublika Bashkortostan)"]
[BlackTeam "Achimgaz QNAO (QNAO)"]
[WhiteFideId "34109584"]
[BlackFideId "24125148"]
[EventDate "2020.11.19"]

1. c4 e5 2. g3 Nc6 3. Bg2 f5 4. Nc3 Nf6 5. d3 Bc5 6. Nf3 d6 7. O-O h6 8. e3 Bb6
9. a3 a5 10. Rb1 Be6 11. b4 axb4 12. axb4 e4 13. Ne1 Ne5 14. f4 Nf7 15. dxe4
Bxc4 16. Rf2 Ng4 17. Rf3 fxe4 18. Nxe4 Qe7 19. Nf2 Nf6 20. Nfd3 O-O 21. Nc2 Ra2
22. Bb2 Bd5 23. Bxf6 Bxf3 24. Bxf3 Qxf6 25. Bd5 Ra7 26. Qf3 c6 27. Bb3 Kh8 28.
Kh1 Ne5 29. Qe2 Nxd3 30. Qxd3 d5 31. Ne1 Qf5 32. Qxf5 Rxf5 33. Ng2 Rf8 34. Kg1
Rfa8 0-1

[Event "TCh-RUS Women 2020"]
[Site "Sochi RUS"]
[Date "2020.11.26"]
[Round "7.6"]
[Board "3"]
[White "Vasilevich, Irina"]
[Black "Idrisova, Roza"]
[Result "1-0"]
[WhiteTitle "IM"]
[BlackTitle "WFM"]
[WhiteElo "2258"]
[BlackElo "1960"]
[WhiteTeam "Achimgaz QNAO (QNAO)"]
[BlackTeam "SK Tolpar (Respublika Bashkortostan)"]
[WhiteFideId "4141296"]
[BlackFideId "4146662"]
[EventDate "2020.11.19"]

1. e4 c6 2. d4 d5 3. Nd2 Nh6 4. Ngf3 g6 5. Bd3 Bg7 6. h3 dxe4 7. Nxe4 Nf5 8. c3
Nd6 9. Bf4 Nxe4 10. Bxe4 Nd7 11. O-O O-O 12. Qc2 Nf6 13. Bd3 Nd5 14. Bg3 a5 15.
Ne5 Be6 16. Rfe1 Qc8 17. Rad1 c5 18. Be4 Rd8 19. Qe2 Nf6 20. dxc5 Nxe4 21. Rxd8+
Qxd8 22. Qxe4 Qd2 23. Re2 Qd1+ 24. Kh2 Bd5 25. Qe3 Bxa2 26. Rd2 Qa4 27. Rd4 Qe8
28. c4 f6 29. Nd7 e5 30. Rd6 Qf7 31. Nb6 Re8 32. Qd3 Bf8 33. Rd7 Re7 34. Rd8 Rc7
35. Nd7 Rxd7 36. Rxd7 Bxc4 37. Rxf7 Bxd3 38. Rxf6 Bg7 39. Rd6 Be4 40. Rd8+ Kf7
41. Rd7+ Kf8 42. Rd8+ Ke7 43. Ra8 Kd7 44. Rxa5 Kc6 45. b4 Bd3 46. Ra8 Be4 47.
Rg8 Bf6 48. Rf8 Bg5 49. Bxe5 Bd2 50. Rd8 Be1 51. Rd4 Bd5 52. Bd6 b5 53. cxb6
Kxd6 54. b7 Kc7 55. Rxd5 Kxb7 56. Rd7+ Kc6 57. Rxh7 Bxb4 58. Rg7 Kd6 59. Rxg6+
Ke5 60. h4 Kf5 61. h5 Bc5 62. g4+ Kf4 63. h6 Bxf2 64. Rf6+ 1-0

[Event "TCh-RUS Women 2020"]
[Site "Sochi RUS"]
[Date "2020.11.26"]
[Round "7.6"]
[Board "4"]
[White "Absalyamova, Karina"]
[Black "Mikheeva, Galina"]
[Result "1-0"]
[BlackTitle "WFM"]
[WhiteElo "1884"]
[BlackElo "1943"]
[WhiteTeam "SK Tolpar (Respublika Bashkortostan)"]
[BlackTeam "Achimgaz QNAO (QNAO)"]
[WhiteFideId "24111732"]
[BlackFideId "44108320"]
[EventDate "2020.11.19"]

1. d4 Nf6 2. c4 e6 3. Nc3 d5 4. cxd5 exd5 5. Bg5 Be7 6. e3 c6 7. Bd3 Nbd7 8. Qc2
Nh5 9. Bxe7 Qxe7 10. Nge2 g6 11. O-O-O Nb6 12. Kb1 Be6 13. h3 O-O-O 14. Na4 Nxa4
15. Qxa4 Kb8 16. Rc1 Nf6 17. Nc3 Bf5 18. Bxf5 gxf5 19. Rc2 Rhg8 20. g3 Ne4 21.
Rhc1 Rg6 22. Qb3 Nd6 23. Na4 Nc4 24. Nc5 b6 25. Nd3 Kb7 26. a3 a5 27. Ka2 Ra8
28. a4 Rc8 29. Ka1 Qc7 30. Qa2 f6 31. b3 Nd6 32. Nf4 Rgg8 33. Nxd5 Qf7 34. Nf4
Ne4 35. Re2 Qe7 36. Kb2 c5 37. Qa3 Qd6 38. Rec2 cxd4 39. Qxd6 Nxd6 40. Rxc8 Nxc8
41. exd4 Rd8 42. d5 Ne7 43. Rd1 Ng6 44. Ne6 Rd6 45. Kc3 Ne7 46. Kc4 Nxd5 47.
Rxd5 Rxe6 48. Rxf5 Kc6 49. g4 Rd6 50. f4 Re6 51. h4 h6 52. Kd4 Rd6+ 53. Ke4 Kc7
54. Rd5 Re6+ 55. Kf5 Re3 56. Kxf6 Rxb3 57. f5 Rb4 58. g5 hxg5 59. hxg5 Rxa4 60.
g6 1-0

[Event "TCh-RUS Women 2020"]
[Site "Sochi RUS"]
[Date "2020.11.27"]
[Round "8.1"]
[Board "1"]
[White "Shafigullina, Zarina"]
[Black "Shuvalova, Polina"]
[Result "0-1"]
[WhiteTitle "WFM"]
[BlackTitle "IM"]
[WhiteElo "2302"]
[BlackElo "2454"]
[WhiteTeam "Ladya (Respublika Tatarstan)"]
[BlackTeam "FShM (Moskva)"]
[WhiteFideId "24174220"]
[BlackFideId "24171760"]
[EventDate "2020.11.19"]

1. c4 e5 2. Nc3 Nf6 3. Nf3 Nc6 4. g3 d5 5. cxd5 Nxd5 6. Bg2 Nb6 7. O-O Be7 8. d3
O-O 9. Bd2 Be6 10. Ne4 a5 11. Bc3 f6 12. h4 h6 13. Qc2 Nd5 14. Bd2 Ncb4 15. Qc1
c5 16. a3 Na6 17. Nc3 Nac7 18. a4 Rc8 19. Be1 Bg4 20. Qd1 b6 21. Nd2 Nb4 22. Nc4
Ne6 23. Nb5 Kh8 24. Rc1 Nc6 25. Bc3 Ncd4 26. Bxd4 Nxd4 27. Nc3 Bd6 28. Re1 f5
29. f3 Bh5 30. e3 Nc6 31. g4 Bg6 32. h5 Bh7 33. Qe2 Bc7 34. e4 Nd4 35. Qd1 fxg4
36. fxg4 Qh4 37. Rf1 Rxf1+ 38. Qxf1 Qxg4 39. Qf7 Bg8 40. Qg6 Nf3+ 41. Kf2 Ng5
42. Rf1 Bh7 43. Qc6 Rf8+ 44. Kg1 Nh3+ 45. Kh2 Nf4 46. Ne3 Qxh5+ 47. Kg1 Bd8 48.
Qd6 Kg8 49. Ned5 Qg5 50. Nxf4 exf4 51. Rf3 Qf6 52. Qd5+ Kh8 53. e5 Qe7 54. e6 g5
55. Qe5+ Qf6 56. Qxf6+ Bxf6 57. Nd5 Bd4+ 58. Kf1 Bf5 59. e7 Re8 60. Bh3 Bxh3+
61. Rxh3 Kg7 62. b3 Kg6 63. Kg2 h5 64. Rh1 Bf6 65. Nxf6 Kxf6 66. Rxh5 Kg6 67.
Rh1 Rxe7 68. Rd1 Re2+ 69. Kf3 Re3+ 70. Kf2 Kf5 71. d4 cxd4 0-1

[Event "TCh-RUS Women 2020"]
[Site "Sochi RUS"]
[Date "2020.11.27"]
[Round "8.1"]
[Board "2"]
[White "Kovalevskaya, Ekaterina"]
[Black "Yakimova, Mariya"]
[Result "1-0"]
[WhiteTitle "IM"]
[BlackTitle "WFM"]
[WhiteElo "2386"]
[BlackElo "2244"]
[WhiteTeam "FShM (Moskva)"]
[BlackTeam "Ladya (Respublika Tatarstan)"]
[WhiteFideId "4116704"]
[BlackFideId "34188859"]
[EventDate "2020.11.19"]

1. e4 c5 2. Nf3 Nc6 3. Bb5 d6 4. O-O Bd7 5. Re1 Nf6 6. c3 a6 7. Bf1 Bg4 8. d4
cxd4 9. cxd4 e5 10. Be3 exd4 11. Bxd4 Nxd4 12. Qxd4 Bxf3 13. gxf3 Be7 14. Nc3
O-O 15. f4 Re8 16. Rad1 Bf8 17. Bg2 Qa5 18. Re3 Rad8 19. Rg3 Kh8 20. Rg5 Qc7 21.
Rd3 d5 22. Nxd5 Nxd5 23. Rxd5 Rxd5 24. Qxd5 Qxf4 25. Rf3 Qc1+ 26. Bf1 f6 27.
Qxb7 Rd8 28. Qxa6 Qxb2 29. Qe6 Qc1 30. Kg2 Bd6 31. h4 Qh6 32. Qg4 Qg6 33. Qxg6
hxg6 34. Rd3 Bc7 35. Rxd8+ Bxd8 36. Bc4 Bc7 37. Kh3 f5 38. f3 Kh7 39. Be6 Kh6
40. exf5 gxf5 41. Bxf5 g6 42. Bc2 Kh5 43. Ba4 Bb8 44. Bd7 Bc7 45. a4 Bd8 46. Be8
Bc7 47. Bf7 Bd8 48. f4 Kh6 49. Kg4 Kg7 50. Be8 Kf6 51. h5 gxh5+ 52. Bxh5 Ke6 53.
Be8 Bb6 54. Bc6 Kd6 55. Bb5 Ke6 56. Kg5 Bd8+ 57. Kg6 Kd5 58. f5 Ke5 59. Bf1 Ba5
60. f6 Ke6 61. f7 Bb4 62. Kg7 Bc3+ 63. Kg8 1-0

[Event "TCh-RUS Women 2020"]
[Site "Sochi RUS"]
[Date "2020.11.27"]
[Round "8.1"]
[Board "3"]
[White "Nasyrova, Ekaterina"]
[Black "Bivol, Alina"]
[Result "0-1"]
[WhiteTitle "WFM"]
[BlackTitle "WGM"]
[WhiteElo "2261"]
[BlackElo "2373"]
[WhiteTeam "Ladya (Respublika Tatarstan)"]
[BlackTeam "FShM (Moskva)"]
[WhiteFideId "44157797"]
[BlackFideId "4100123"]
[EventDate "2020.11.19"]

1. Nf3 Nf6 2. c4 c5 3. Nc3 e6 4. e3 d5 5. cxd5 exd5 6. d4 c4 7. Be2 Bb4 8. O-O
Bxc3 9. bxc3 O-O 10. Qc2 Nc6 11. Nd2 Re8 12. e4 Nxe4 13. Nxe4 dxe4 14. Bxc4 Na5
15. Be2 Be6 16. Be3 Bc4 17. Rfd1 Bxe2 18. Qxe2 Qd5 19. Qg4 f5 20. Qg3 Re6 21. h4
Nc4 22. h5 h6 23. Bf4 Rae8 24. Re1 R8e7 25. Rab1 a6 26. Re2 b5 27. Be3 Nb6 28.
Rbe1 Qc6 29. Qh3 Rf7 30. Bf4 Nd5 31. Be5 Re8 32. f4 Rc8 33. g4 Qxc3 34. Qxc3
Rxc3 35. gxf5 Rxf5 36. Rxe4 Rxh5 37. Bd6 Rhh3 38. f5 Rhe3 39. R1xe3 Rxe3 40. Re5
Rxe5 41. dxe5 Ne3 42. f6 gxf6 43. exf6 Kf7 44. Bf4 Ng4 45. Kg2 Kxf6 46. Kf3 Kf5
47. Bg3 h5 48. Ke2 Ke4 49. Kd2 Kd4 50. Kc2 Kc4 51. Kb2 Ne3 0-1